000 00295nam a22001337a 4500
008 171030b xxu||||| |||| 00| 0 eng d
020 _a
041 _aalb
080 _a33
100 _a58
101 _aBUS
245 _aSHËRBIMET E SIGURISË E TË KONSULENCËS
_cSHULI,I
942 _2udc
_cBK
999 _c36542
_d36542